Piłkarze VfL Wolfsburg - nagła śmierć - Statystyki

Ogólne statystyki
  • Ten quiz został rozwiązany 93 razy
  • Średni wynik to 8 z 14
Answers on the Grid
Answers color-coded by a green-red scale on the quiz's grid according to % correct below.
Kevin De Bruyne
Lukas Podolski
Jakub Blaszczykowski
Luka Modrić
Robert Lewandowski
Mateo Kovačić
Victor Osimhen
Mohamed Salah
Jacek Krzynowek
Radja Nainggolan
Edin Džeko
Ezequiel Lavezzi
Daniele De Rossi
Mario Mandžukić
Filippo Inzaghi
Mario Gómez
Zbigniew Boniek
Ivan Perišić
André Schürrle
Mark van Bommel
Micky van de Ven
Oliver Kahn
Omar Marmoush
Kazimierz Deyna
Andrzej Juskowiak
Wout Weghorst
Axel Witsel
Julian Draxler
 
Statystyki odpowiedzi
Odpowiedź % Poprawnych
Kevin De Bruyne
97%
Jakub Blaszczykowski
86%
Julian Draxler
67%
Wout Weghorst
67%
Edin Džeko
63%
André Schürrle
57%
Ivan Perišić
55%
Mario Gómez
50%
Jacek Krzynowek
45%
Victor Osimhen
43%
Andrzej Juskowiak
41%
Micky van de Ven
41%
Mario Mandžukić
34%
Omar Marmoush
26%
Nie znaleziono quizów pasujących do podanych kryteriów
Rozkład punktacji
Procent ludzi z każdym wynikiem
Percentyl według liczby udzielonych odpowiedzi
Twoja historia wyników
Nie rozwiązałeś tego quizu